International spillovers of macroekonomic shocks <a> quantitative exploration
Saved in:
| Main Author: | |
|---|---|
| Other Authors: | |
| Format: | Book |
| Language: | English |
| Published: |
Washington
International Monetary Fund
2000
|
| Series: | IMF Working Paper
WP/00/101 |
| Subjects: | |
| Tags: |
No Tags, Be the first to tag this record!
|
MARC
| LEADER | 00000nam a2200000 4500 | ||
|---|---|---|---|
| 001 | c124267 | ||
| 005 | 20221221082723.5 | ||
| 041 | 0 | |a eng | |
| 044 | |a US | ||
| 245 | 1 | 0 | |a International spillovers of macroekonomic shocks |b <a> quantitative exploration |c Douglas Laxton and Eswar S. Prasad |
| 264 | 1 | |a Washington |b International Monetary Fund |c 2000 | |
| 300 | |a 15 s. | ||
| 490 | 1 | |a IMF Working Paper |v WP/00/101 | |
| 830 | 0 | |a IMF Working Paper |v WP/00/101 | |
| 610 | 2 | 0 | |a kríza |
| 610 | 2 | 0 | |a makroekonomika |
| 610 | 2 | 0 | |a modelovanie ekonometrické |
| 610 | 2 | 0 | |a modely analytické ekonometrické |
| 610 | 2 | 0 | |a porovnanie medzinárodné |
| 100 | 1 | |a Laxton, Douglas | |
| 700 | 1 | |a Prasad, Eswar S. | |